• 首页
  • 本馆介绍
  • 公告通知
  • 最新文献
  • 馆藏检索
  • 电子资源
  • 读者导购
  • 参考咨询
  • 我的图书馆
  • 登录
  • 详细信息显示
  • 放入我的书架
  • 预约/预借图书
  • 作者相关作品
  • 分类相关作品
  • 丛书相关作品
  • 出版社相关作品

书目信息

  • 表格格式
  • 工作单格式
  • 卡片格式
题名:
多边文化研究
    
 
作者: ;北京大学比较文学与比较文化研究所 编
分册: 第3卷  
出版信息: 北京   北京大学出版社  2005
页数: 491页
开本: 21cm
丛书名:
单 册:
中图分类: G04-55 , I0-03
科图分类:
主题词: 比较文学--文集 , 比较文化
电子资源:
ISBN: 7-301-08730-6
000 01300nam0 2200289 450
001 012007950316
005 20070525151832.65
010    @a7-301-08730-6@dCNY32.00
100    @a20050602d2005 km y0chiy0120 ea
101 0  @achi
102    @aCN@b110000
105    @ay z 000yy
106    @ar
200 1  @a多边文化研究@Aduo bian wen hua yan jiu@e北京大学比较文学与比较文化研究所学术纪要@h第3卷@f北京大学比较文学与比较文化研究所编@Fbei jing da xue bi jiao wen xue yu bi jiao wen hua yan jiu suo bian
210    @a北京@c北京大学出版社@d2005
215    @a491页@d21cm
300    @a教育部北京大学211学术规划项目
330    @a本书是比较文学文集,收录文章有《无可奈何花落去,重新书写的胜利》、《比较文化研究著作序文六篇》、《作为哲学家的庄子》等二十余篇。
510 1  @aStudies of multiculture@eannals of institute of comparative literature and culture peking university@hVolume 3@zeng
517 1  @a北京大学比较文学与比较文化研究所学术纪要@Abei jing da xue bi jiao wen xue yu bi jiao wen hua yan jiu suo xue shu ji yao
606 0  @a比较文学@j文集
606 0  @a比较文化
690    @aG04-55@v4
690    @aI0-03@v4
711 02 @a北京大学比较文学与比较文化研究所@Abei jing da xue bi jiao wen xue yu bi jiao wen hua yan jiu suo@4编
801  0 @aCN@bRULIN@c20070525
905    @dG04-55@e57:3@s8
    
    多边文化研究:北京大学比较文学与比较文化研究所学术纪要.第3卷/北京大学比较文学与比较文化研究所编.-北京:北京大学出版社,2005
    491页;21cm
    教育部北京大学211学术规划项目
    
    ISBN 7-301-08730-6:CNY32.00
    本书是比较文学文集,收录文章有《无可奈何花落去,重新书写的胜利》、《比较文化研究著作序文六篇》、《作为哲学家的庄子》等二十余篇。
●
相关链接 在E读中查询图书 在五车中查询图书 在当当中查询图书 在豆瓣中查询图书


正题名:多边文化研究     索取号:G04-55/57:3         预约/预借

序号 登录号 条形码 馆藏地/架位号 状态 备注
1 0580936   205809366   第一样本阅览室/ [索取号:G04-55/57:3] 在馆    
2 0580937   205809375   第四借阅区/ [索取号:G04-55/57:3] 在馆    
3 0580938   205809384   第四借阅区/ [索取号:G04-55/57:3] 在馆    
4 0580939   205809393   第四借阅区/ [索取号:G04-55/57:3] 在馆    
5 0580940   205809400   第四借阅区/ [索取号:G04-55/57:3] 在馆    
6 0580941   205809419   第四借阅区/ [索取号:G04-55/57:3] 在馆    
7 0580942   205809428   第四借阅区/ [索取号:G04-55/57:3] 在馆    
8 0580943   205809437   第四借阅区/ [索取号:G04-55/57:3] 在馆    
唐山师范学院图书馆 欢迎您!
大连网信软件有限公司© 版权所有